000
002920000a22001210004500
082
0
4
_a
GI CJ B912p
100
1
_a
Burguess, Thorton W.
245
1
0
_a
The adventures of Prickly Porky / Thornton W. Burgess
260
_a
Toronto : Canadian Edition
300
_a
116 P.
001
793
942
_c
LGB
999
_c
47997
_d
47997